01585nabaa22001937a 4500003000400000005001700004008004100021040000700062100002400069245011900093300001300212500003700225505083400262505008901096650002701185650003101212650003301243773011501276OSt20260123194243.0190701b xxu||||| |||| 00| 0 spa d cPJ aMassimino, Leonardo10aResponsabilidad del Estado por la dilación indebida de los procedimientos administrativos /cLeonardo Massimino. ap. 64-77 aCita: TR LALEY AR/DOC/3180/2023  a Sumario: I. Planteo.— II. Los casos de aplicación. Ejemplos.— III. El derecho a una buena administración. Una administración eficiente.— IV. Los antecedentes en la actividad judicial. Caso "Poggio".— V. La responsabilidad por dilación de la actividad administrativa. Replanteo.— VI. Los presupuestos básicos de la atribución de responsabilidad del Estado por demora indebida en la actuación administrativa.— VII. La responsabilidad de los funcionarios y empleados por daños que por sus hechos, actos u omisiones generen a la hacienda pública.— VIII. El funcionamiento anormal del servicio. La falta personal de los funcionarios.— IX. El daño resarcible.— X. Los diferentes perjuicios y costos derivados de la dilación de los procedimientos administrativos.— XI. A modo de conclusión.  t¿Te interesa el texto completo? Comunicate al correo: koha@justierradelfuego.gov.ar 0aDERECHO ADMINISTRATIVO 0aRESPONSABILIDAD DEL ESTADO 0aPROCEDIMIENTO ADMINISTRATIVO0 02842dBuenos Aires : AbeledoPerrot, 2012-oDA121tDerecho administrativo. Nº 151 enero/febrero 2024z18510590